000 00621nmm a2200229 a 4500
003 AR-BaBNM
005 20251128202841.0
008 178019s1986 ||||||||||||||000 | spa||
020 _a84-86056-06-3
040 _cAR-BaBNM
100 1 _aDromi, José Roberto
245 1 0 _aDerecho subjetivo y responsabilidad pública
260 _aMadrid
_bGrouz
_c1986
300 1 _axiv, 254 p.
650 4 _aDERECHO PUBLICO
650 4 _aDERECHOS CIVILES Y POLITICOS
650 4 _aRESPONSABILIDAD SOCIAL
650 4 _aRESPONSABILIDAD DEL ESTADO
700 1 _aBermejo Vera, José
_eprologuista
942 _cBK
998 _cCARMEN
999 _c883
_d883